कर्मयोग / (Record no. 122007)
[ view plain ]
| 000 -LEADER | |
|---|---|
| fixed length control field | 01007nam a22002417a 4500 |
| 010 ## - LIBRARY OF CONGRESS CONTROL NUMBER | |
| LC control number | B-246241 |
| 020 ## - INTERNATIONAL STANDARD BOOK NUMBER | |
| Terms of availability | 60.00 |
| 035 ## - SYSTEM CONTROL NUMBER | |
| System control number | B-246241 |
| 037 ## - SOURCE OF ACQUISITION | |
| Stock number | Cen Lib / Ret |
| 040 ## - CATALOGING SOURCE | |
| Original cataloging agency | DPL |
| Language of cataloging | HN |
| 082 ## - DEWEY DECIMAL CLASSIFICATION NUMBER | |
| Classification number | 181.46 |
| Item number | विवेका |
| 100 ## - MAIN ENTRY--PERSONAL NAME | |
| Personal name | विवेकानन्द |
| 9 (RLIN) | 43304 |
| 245 ## - TITLE STATEMENT | |
| Title | कर्मयोग / |
| Statement of responsibility, etc | स्वामी विवेकानन्द |
| 246 ## - VARYING FORM OF TITLE | |
| Title proper/short title | Karmyog / |
| Remainder of title | by Swami Vivekanand |
| 260 ## - PUBLICATION, DISTRIBUTION, ETC. (IMPRINT) | |
| Place of publication, distribution, etc | दिल्ली |
| Name of publisher, distributor, etc | साहित्यशिला प्रकाशन |
| Date of publication, distribution, etc | 2008 |
| 270 ## - ADDRESS | |
| Address | ५९८-बी, पांडव रोड़ विस्वास नगर शाहदरा |
| City | दिल्ली |
| Postal code | 110032 |
| 300 ## - PHYSICAL DESCRIPTION | |
| Extent | 72प्र |
| Other physical details | २४सेमी (सजिल्द) |
| 650 ## - SUBJECT ADDED ENTRY--TOPICAL TERM | |
| Topical term or geographic name as entry element | योग, कर्म |
| 9 (RLIN) | 3671 |
| 650 ## - SUBJECT ADDED ENTRY--TOPICAL TERM | |
| Topical term or geographic name as entry element | Yoga, Raja |
| 9 (RLIN) | 37766 |
| 650 ## - SUBJECT ADDED ENTRY--TOPICAL TERM | |
| Topical term or geographic name as entry element | Patanjali. -- Yogasutra |
| 9 (RLIN) | 133855 |
| 650 ## - SUBJECT ADDED ENTRY--TOPICAL TERM | |
| Topical term or geographic name as entry element | पतंजलि। - योग सूत्र |
| 9 (RLIN) | 5234 |
| 942 ## - ADDED ENTRY ELEMENTS (KOHA) | |
| Source of classification or shelving scheme | Dewey Decimal Classification |
| Koha item type | Hindi Books |
| Classification part | 181.46 |
| Call number suffix | विवेका |
| Withdrawn status | Lost status | Damaged status | Not for loan | Home library | Current library | Date acquired | Source of acquisition | Cost, normal purchase price | Total Checkouts | Total Renewals | Full call number | Barcode | Date last seen | Date checked out | Copy number | Cost, replacement price | Price effective from | Koha item type |
|---|---|---|---|---|---|---|---|---|---|---|---|---|---|---|---|---|---|---|
| Central Library | Central Library | 16/02/2016 | Cen Lib/Ret | 60.00 | 7 | 1 | 181.46 विवेका | B-246241 | 10/08/2021 | 16/07/2021 | 1 | 60.00 | 16/02/2016 | Hindi Books |
